Vplyv acquis communautaire na podnikateľské subjekty na Slovensku na príklade výroby biopalív dizertačná práca

Na minha lista:
Detalhes bibliográficos
Autor principal: Spišák, Robert
Autor Corporativo: Ekonomická univerzita v Bratislave. Obchodná fakulta
Outros Autores: Lesáková, Dagmar, 1949-
Formato: Livro
Idioma:eslovaco
Publicado em: Bratislava 2008
Assuntos:
Tags: Adicionar Tag
Sem tags, seja o primeiro a adicionar uma tag!

MARC

LEADER 00000nam$a2200000$$$4500
001 0100308
005 20240109070852.5
041 0 |a slo 
044 |a SK 
245 1 0 |a Vplyv acquis communautaire na podnikateľské subjekty na Slovensku na príklade výroby biopalív  |b dizertačná práca  |c Robert Spišák ; škol. Dagmar Lesáková 
264 1 |a Bratislava  |c 2008 
300 |a 107 s. 
610 2 0 |a biopriemysel 
610 2 0 |a podnikanie 
610 2 0 |a ochrana prostredia životného 
100 1 |a Spišák, Robert 
700 1 |a Lesáková, Dagmar, 1949- 
710 2 |a Ekonomická univerzita v Bratislave. Obchodná fakulta